| 000 | 00436cam a2200181ua 4500 | ||
|---|---|---|---|
| 001 | 10202 | ||
| 008 | 171011n ii |||gr||||Z||||||eng | ||
| 020 | _a9788192143262 | ||
| 040 | _cMAIN | ||
| 041 | _aeng | ||
| 082 | _a338.5 | ||
| 100 |
_aVerma, K.N., _eAuthor. |
||
| 245 |
_aElements of micro economics-I _cBy K.N. Verma |
||
| 260 |
_aJalandhar: _bVishal publishing, _c2013. |
||
| 300 | _a222p. | ||
| 653 | _aProduction | ||
| 942 | _cBK | ||
| 999 |
_c9199 _d9199 |
||